| 000 | 01493nam a22003857a 4500 | ||
|---|---|---|---|
| 003 | BCEG | ||
| 005 | 20260408170614.0 | ||
| 008 | 260408r20082001sp |||||||||||||| 0 spa d | ||
| 020 | _a9788434224346 (Obra completa) | ||
| 040 |
_aBCEG _bspa _cBCEG |
||
| 082 | 0 | 4 |
_aIC372.87 _bC112v |
| 100 | _aCabacés, Roser. | ||
| 245 | 1 | 0 |
_aVivamos la música _b: la forma más divertida de acercarse a la música. |
| 246 | _aLa vida tiene música. | ||
| 246 | _aLa música tiene contrastes. | ||
| 246 | _aLa música se mueve. | ||
| 246 | _a¡Vamos a tocar! | ||
| 246 | _a¡Vamos a tocar! | ||
| 246 | _aViva la música. | ||
| 260 |
_aBarcelona : _bParramón : Audio & Video, _c2001 (reimpresión 2008). |
||
| 300 |
_a4 v. : _bil. _e+ 2 CDs. |
||
| 490 | _aLeer, Jugar, Escuchar y Aprender. | ||
| 500 | _aCD-036 (CD 1) ; CD-037 (CD 2). | ||
| 505 |
_gv. 1. _tLa vida tiene música -- _gv. 2. _tLa música tiene contrastes -- _gv. 3. _tLa música se mueve -- _gv. 4. _t¡Vamos a tocar! -- _gCD. 1. _tViva la música -- _gCD. 2. _tViva la música. |
||
| 535 | _aDisponible en la colección de consulta infantil. | ||
| 541 | _aCompra. | ||
| 650 | 1 | 4 | _aApreciación musical. |
| 650 | 1 | 4 |
_aApreciación musical _vMateriales electrónicos _vMateriales de enseñanza. |
| 650 | 1 | 4 |
_aMúsica _vLiteratura juvenil. |
| 650 | 1 | 4 |
_aIntrumentos musicales _vLiteratura juvenil. |
| 700 | 1 |
_aVilaplana, Elisabet, _ecoaut. |
|
| 700 | 1 |
_aCanal, Ma. Fernanda, _edir. |
|
| 700 | 1 |
_aClariana, Anna, _eil. |
|
| 942 | _cBK | ||
| 999 |
_c437168 _d437168 |
||